Discurso leido en la Universidad Literaria de Sevilla en la solemne inauguración del curso académico de 1894 a 1895 / (Record no. 21786)

MARC details
000 -LEADER
campo de control de longitud fija 00787nam a2200193 i 4500
001 - NÚMERO DE CONTROL
campo de control 21786
003 - IDENTIFICADOR DE NÚMERO DE CONTROL
campo de control ES-MaACL
005 - FECHA Y HORA DE LA ÚLTIMA TRANSACCIÓN
campo de control 20230906152538.0
007 - CAMPO FIJO DE DESCRIPCIÓN FÍSICA--INFORMACIÓN GENERAL
campo de control de longitud fija t|
008 - DATOS DE LONGITUD FIJA--INFORMACIÓN GENERAL
campo de control de longitud fija 021127s1894 sp ||||1| spa d
100 1# - ENTRADA PRINCIPAL--NOMBRE DE PERSONA
Nombre de persona Almagro y Cárdenas, Antonio.
9 (RLIN) 20082
245 10 - MENCIÓN DEL TÍTULO
Título Discurso leido en la Universidad Literaria de Sevilla en la solemne inauguración del curso académico de 1894 a 1895 /
Mención de responsabilidad, etc. por el Doctor Antonio Almagro y Cárdenas.
260 ## - PUBLICACIÓN, DISTRIBUCIÓN, ETC.
Lugar de publicación, distribución, etc. Sevilla :
Nombre del editor, distribuidor, etc. Fernando de Santiago,
Fecha de publicación, distribución, etc. 1894.
300 ## - DESCRIPCIÓN FÍSICA
Extensión 41 p. ;
Dimensiones 30 cm.
500 ## - NOTA GENERAL
Nota general Título del discurso: La cultura arábigo-sevillana en sus manifestaciones literaria, científica y artística.
651 #4 - PUNTO DE ACCESO ADICIONAL DE MATERIA--NOMBRE GEOGRÁFICO
Nombre geográfico Al-Andalus-
Subdivisión general Civilización.
9 (RLIN) 7608
710 0# - ENTRADA AGREGADA--NOMBRE DE ENTIDAD CORPORATIVA
Nombre de entidad corporativa o nombre de jurisdicción como elemento de entrada Universidad Literaria de Sevilla.
9 (RLIN) 7391
852 ## - LOCALIZACIÓN
Ubicación ES-MaACL
Número de control de estantería T-776-F-7
Holdings
Estatus retirado Estado de pérdida Estado de daño No para préstamo Colección Biblioteca de origen Biblioteca actual Ubicación en estantería Fecha de adquisición Fuente de adquisición Total de préstamos Signatura topográfica completa Código de barras Visto por última vez Precio de reemplazo Tipo de ítem Koha
        Colección de folletos Biblioteca del Ateneo de Madrid Biblioteca del Ateneo de Madrid Depósito folletos 17/01/2008     T-776-F-7 1022393 23/02/2023 23/02/2023 Folleto